| 000 | 00756nam a2200253 i 4500 | ||
|---|---|---|---|
| 001 | C2-0289161 | ||
| 003 | PPAK | ||
| 005 | 20180728022034.0 | ||
| 008 | 080729s2008 my |||| ||||| | may d | ||
| 022 | _a0127-1857 | ||
| 040 |
_aPPAK _beng _cPPAK _erda |
||
| 082 | 0 | 4 |
_a069.05 _223 |
| 090 | 0 | 0 |
_a069.05 _bPUR _dKK |
| 090 | 0 | 0 |
_a069.05 _bPUR _dR |
| 245 | 0 | 0 |
_aPurba : _bJurnal Persatuan Muzium Malaysia |
| 264 | 1 |
_aKuala Lumpur : _bPersatuan Muzium Malaysia , _c2008 |
|
| 300 |
_axii, 153 pages ; _c26 cm |
||
| 336 |
_2rdacontent _atext |
||
| 337 |
_2rdamedia _aunmediated |
||
| 338 |
_2rdacarrier _avolume |
||
| 500 | _aBil. 27 | ||
| 650 | 1 | 0 | _aPersatuan Muzium Malaysia - Periodicals. ; Malaysia--History--Periodicals. ; KK 069.05 PUR |
| 942 |
_ddc _cB |
||
| 999 |
_c94651 _d94651 |
||